[Event "BPB Limburg open"]
[Site "Maastricht"]
[Date "2015.05.23"]
[Round "2"]
[White "Martens, Martin"]
[Black "Clemens, Adrian HP"]
[Result "1/2-1/2"]
[WhiteElo "2417"]
[BlackElo "2172"]
[PlyCount "124"]
[EventDate "2015.05.22"]
[EventType "swiss"]
[EventRounds "7"]
[EventCountry "NED"]
[Source "P.Boonen"]
[SourceDate "2015.10.01"]

1. e4 c5 2. Nf3 e6 3. Nc3 Nc6 4. Bb5 Nd4 5. O-O a6 6. Bd3 Nc6 7. b3 d6 8. Bb2
Nf6 9. Re1 Be7 10. Bf1 O-O 11. d3 Bd7 12. Ne2 Rc8 13. Ng3 Ne8 14. c3 g6 15. Qd2
Bf6 16. d4 cxd4 17. cxd4 Nc7 18. Rad1 d5 19. Ba3 Re8 20. Bc5 Na8 21. h3 Bg7 22.
h4 h5 23. Qf4 Qc7 24. Bd6 Qd8 25. e5 Ne7 26. Bd3 Nf5 27. Bxf5 exf5 28. Qd2 Nc7
29. a4 Ne6 30. Qb4 Bc6 31. Ne2 Bh6 32. g3 b6 33. Nh2 a5 34. Qa3 Bb7 35. b4 axb4
36. Qxb4 Rc4 37. Qb3 Bc6 38. Ra1 Bd2 39. Reb1 Ba5 40. Nf3 Qd7 41. Qe3 f4 42.
Nxf4 Nxf4 43. Qxf4 Qg4 44. Bc7 Qxf4 45. gxf4 Bxa4 46. Bxb6 Bc3 47. Ra3 Bc2 48.
Rf1 Be4 49. Ng5 Bxd4 50. Nxe4 dxe4 51. Bxd4 Rxd4 52. Rc1 Rd7 53. Rc6 Re6 54.
Ra8+ Kg7 55. Rcc8 f5 56. Rg8+ Kh7 57. Rh8+ Kg7 58. Rag8+ Kf7 59. Rf8+ Kg7 60.
Rfg8+ Kf7 61. Rf8+ Kg7 62. Rfg8+ Kf7 1/2-1/2

[Event "BPB Limburg open"]
[Site "Maastricht"]
[Date "2015.05.23"]
[Round "2"]
[White "Martinez Reyes, Pedro Ramon"]
[Black "Thompson, Ian D"]
[Result "1-0"]
[WhiteElo "2322"]
[BlackElo "2202"]
[PlyCount "45"]
[EventDate "2015.05.22"]
[EventType "swiss"]
[EventRounds "7"]
[EventCountry "NED"]
[Source "P.Boonen"]
[SourceDate "2015.10.01"]

1. e4 e5 2. Nf3 Nc6 3. Bb5 a6 4. Ba4 Nf6 5. O-O Be7 6. d3 b5 7. Bb3 d6 8. a4
Bd7 9. c3 O-O 10. Nbd2 Na5 11. Bc2 c5 12. d4 cxd4 13. cxd4 Qc7 14. axb5 axb5
15. Bd3 exd4 16. Nxd4 Qb6 17. N2f3 Nc4 18. Rxa8 Rxa8 19. Qe2 d5 20. exd5 Bc5
21. Nb3 Bd6 22. Bg5 Nxd5 23. Qe4 1-0

[Event "BPB Limburg open"]
[Site "Maastricht"]
[Date "2015.05.23"]
[Round "2"]
[White "Merx, Bob"]
[Black "Bachaus, Sander"]
[Result "1-0"]
[WhiteElo "2099"]
[BlackElo "1996"]
[PlyCount "83"]
[EventDate "2015.05.22"]
[EventType "swiss"]
[EventRounds "7"]
[EventCountry "NED"]
[Source "P.Boonen"]
[SourceDate "2015.10.01"]

1. e4 g6 2. Nc3 Bg7 3. d4 d6 4. Be3 a6 5. h4 Nf6 6. f3 Nbd7 7. Qd2 h5 8. Nh3 b5
9. a4 b4 10. Nd1 Rb8 11. a5 c5 12. c3 Qc7 13. Be2 Nf8 14. Ng5 N6h7 15. Nxh7
Rxh7 16. O-O Ne6 17. d5 Nd8 18. Nf2 bxc3 19. bxc3 Rb3 20. Rfc1 Qb7 21. Bc4 Rb2
22. Qd3 Qa7 23. Nd1 Rb8 24. Rcb1 Ra8 25. Rb6 f6 26. Qc2 Nf7 27. f4 Nh6 28. Rab1
Kf7 29. Bd3 f5 30. e5 dxe5 31. d6 Bf6 32. dxe7 Qxe7 33. Qb3+ Kg7 34. Qa3 exf4
35. Bxc5 Qe1+ 36. Bf1 Rh8 37. Rxf6 Re8 38. Bd4 Kh7 39. Qd6 Qg3 40. Qc7+ Kg8 41.
Rf8+ Rxf8 42. Qg7# 1-0

[Event "BPB Limburg open"]
[Site "Maastricht"]
[Date "2015.05.23"]
[Round "2"]
[White "Mollema, Thomas"]
[Black "Bhattacharjee, Sourav"]
[Result "1-0"]
[WhiteElo "2262"]
[BlackElo "2042"]
[PlyCount "81"]
[EventDate "2015.05.22"]
[EventType "swiss"]
[EventRounds "7"]
[EventCountry "NED"]
[Source "P.Boonen"]
[SourceDate "2015.10.01"]

1. e4 e5 2. Nf3 Nc6 3. Bb5 a6 4. Ba4 Nf6 5. Qe2 Be7 6. c3 b5 7. Bc2 O-O 8. O-O
d6 9. h3 Re8 10. d4 Bb7 11. d5 Nb8 12. Rd1 Nbd7 13. Nbd2 c6 14. dxc6 Bxc6 15.
Nf1 Qc7 16. Ng3 g6 17. Bg5 Rad8 18. a4 Nc5 19. axb5 axb5 20. b4 Ne6 21. Be3 Ra8
22. Bd3 Qb7 23. Nd2 d5 24. f3 d4 25. cxd4 exd4 26. Bh6 Bxb4 27. Rab1 Bc5 28.
Kh1 b4 29. Rdc1 Ra2 30. Bc4 Rxd2 31. Qxd2 Nd7 32. Ne2 Qb6 33. Nf4 Ne5 34. Bxe6
fxe6 35. Qc2 Bd6 36. Nd3 Nxd3 37. Qxc6 Qb8 38. Qd7 Be5 39. Rc7 Nf2+ 40. Kg1
Nxh3+ 41. gxh3 1-0

[Event "BPB Limburg open"]
[Site "Maastricht"]
[Date "2015.05.23"]
[Round "2"]
[White "Nachbar, Benjamin"]
[Black "Ismail, Tamer"]
[Result "1-0"]
[WhiteElo "2173"]
[BlackElo "2093"]
[PlyCount "63"]
[EventDate "2015.05.22"]
[EventType "swiss"]
[EventRounds "7"]
[EventCountry "NED"]
[Source "P.Boonen"]
[SourceDate "2015.10.01"]

1. d4 d6 2. Nf3 Nf6 3. c4 g6 4. Nc3 Bg7 5. e4 O-O 6. Be2 Nbd7 7. h4 e5 8. d5
Nc5 9. Nd2 a5 10. h5 Nxh5 11. Bxh5 Nd3+ 12. Kf1 gxh5 13. Qxh5 h6 14. Qf3 Nxc1
15. Rxc1 Qg5 16. Qe3 Qxe3 17. fxe3 f5 18. Ke2 f4 19. Nb5 Bg4+ 20. Nf3 Rf7 21.
c5 dxc5 22. Rxc5 Bf8 23. Rc3 Rc8 24. Rhc1 c6 25. dxc6 Rxc6 26. Rxc6 bxc6 27.
Rxc6 Bd7 28. Rb6 fxe3 29. Nd6 Rf6 30. Nxe5 Bxd6 31. Nxd7 Rg6 32. g4 1-0

[Event "BPB Limburg open"]
[Site "Maastricht"]
[Date "2015.05.23"]
[Round "2"]
[White "Nguyen, Kevin"]
[Black "Jacobs, Florian"]
[Result "1/2-1/2"]
[WhiteElo "2090"]
[BlackElo "2177"]
[PlyCount "44"]
[EventDate "2015.05.22"]
[EventType "swiss"]
[EventRounds "7"]
[EventCountry "NED"]
[Source "P.Boonen"]
[SourceDate "2015.10.01"]

1. e4 e5 2. Nf3 Nc6 3. Bb5 Nf6 4. O-O Nxe4 5. d4 Nd6 6. Bxc6 dxc6 7. Nxe5 Be7
8. Nc3 O-O 9. Bf4 Nf5 10. Nf3 Be6 11. Qd3 Qd7 12. Rad1 Rad8 13. Ne4 c5 14. Nxc5
Bxc5 15. dxc5 Qxd3 16. Rxd3 Rxd3 17. cxd3 c6 18. g4 Ne7 19. Bd6 Re8 20. h3 Nc8
21. Bf4 Bxa2 22. Nd4 Bd5 1/2-1/2

[Event "BPB Limburg open"]
[Site "Maastricht"]
[Date "2015.05.23"]
[Round "2"]
[White "Noiroux, Kevin"]
[Black "Van den Hatert, Roy"]
[Result "1-0"]
[WhiteElo "2218"]
[BlackElo "2118"]
[PlyCount "33"]
[EventDate "2015.05.22"]
[EventType "swiss"]
[EventRounds "7"]
[EventCountry "NED"]
[Source "P.Boonen"]
[SourceDate "2015.10.01"]

1. d4 d5 2. Bf4 Nf6 3. e3 c5 4. dxc5 Nc6 5. Bb5 Qa5+ 6. Nc3 a6 7. Bxc6+ bxc6 8.
Qd4 Bf5 9. Nf3 Bxc2 10. O-O e6 11. b4 Qa3 12. Ne5 Rc8 13. Rfc1 Ba4 14. Nd3 Bb5
15. Rcb1 Bc4 16. Ne1 Bxc5 17. bxc5 1-0

[Event "BPB Limburg open"]
[Site "Maastricht"]
[Date "2015.05.23"]
[Round "2"]
[White "Offringa, Joost"]
[Black "Driessens, Patrick"]
[Result "1-0"]
[WhiteElo "2202"]
[BlackElo "2278"]
[PlyCount "73"]
[EventDate "2015.05.22"]
[EventType "swiss"]
[EventRounds "7"]
[EventCountry "NED"]
[Source "P.Boonen"]
[SourceDate "2015.10.01"]

1. c4 e5 2. g3 Nc6 3. Nc3 f5 4. Nf3 e4 5. Nh4 d6 6. d3 exd3 7. Qxd3 Ne5 8. Qc2
g6 9. Bg2 Bg7 10. O-O Nf6 11. Rd1 Qe7 12. Be3 c6 13. b3 O-O 14. Nf3 Nfg4 15.
Bf4 Qf6 16. Rac1 Nf7 17. Qd2 Nge5 18. Ng5 Rd8 19. Bd5 Kh8 20. Nxf7+ Nxf7 21.
Bxf7 Qxf7 22. Bxd6 Be6 23. Qf4 Qf6 24. Rd3 g5 25. Qd2 f4 26. Rd1 Rg8 27. Bc5
Qf5 28. Bd4 Raf8 29. Bxg7+ Kxg7 30. Rd6 Rf6 31. f3 fxg3 32. hxg3 Qh3 33. Ne4
Rh6 34. Kf2 Qh2+ 35. Ke3 Re8 36. Qd4+ Kg8 37. Rd8 1-0

[Event "BPB Limburg open"]
[Site "Maastricht"]
[Date "2015.05.23"]
[Round "2"]
[White "Perrenet, Jacob"]
[Black "Boer, Alef"]
[Result "1-0"]
[WhiteElo "2078"]
[BlackElo "2180"]
[PlyCount "136"]
[EventDate "2015.05.22"]
[EventType "swiss"]
[EventRounds "7"]
[EventCountry "NED"]
[Source "P.Boonen"]
[SourceDate "2015.10.01"]

1. Nc3 e5 2. Nf3 Nc6 3. d4 exd4 4. Nxd4 d5 5. g3 Nxd4 6. Qxd4 Be6 7. Bg2 c6 8.
O-O Nf6 9. Bg5 Be7 10. Qh4 Ng4 11. Bxe7 Qxe7 12. Qxe7+ Kxe7 13. e4 d4 14. Ne2
Rad8 15. Rfd1 c5 16. Nf4 Ne5 17. Nd5+ Bxd5 18. exd5 Nc4 19. b4 b6 20. a4 Kd6
21. a5 bxa5 22. Bf1 Kxd5 23. bxc5 Kxc5 24. Ra4 Nb6 25. Rxa5+ Kc6 26. Rxa7 Rd7
27. Rxd7 Nxd7 28. Rxd4 Nc5 29. f4 Rb8 30. Bg2+ Kc7 31. Rd5 Nd7 32. Ra5 g6 33.
Bd5 Rb2 34. Ra7+ Kd6 35. Bb3 h6 36. Bxf7 g5 37. fxg5 hxg5 38. Ra6+ Ke5 39. Ra2
Rb1+ 40. Kg2 Kf6 41. Bd5 Ke5 42. Ra5 Kf6 43. Be4 Ne5 44. Ra6+ Kf7 45. Bd5+ Kg7
46. Re6 Ng4 47. h3 Nf6 48. Re7+ Kg6 49. Bf3 Rb4 50. g4 Rc4 51. Re2 Rc3 52. Rf2
Rc5 53. Be2 Nd5 54. Bd3+ Kg7 55. Kg3 Ne7 56. Kf3 Kf6 57. Ke4+ Ke6 58. Kd4 Rd5+
59. Kc4 Ra5 60. c3 Nd5 61. Bf5+ Ke5 62. Rd2 Nf4 63. Kb4 Ra8 64. c4 Nxh3 65.
Re2+ Kf4 66. c5 Kf3 67. Be4+ Kxe2 68. Bxa8 Ke3 {.....} 1-0

[Event "BPB Limburg open"]
[Site "Maastricht"]
[Date "2015.05.23"]
[Round "2"]
[White "Schoppen, Casper"]
[Black "L'Ami, Alina"]
[Result "1-0"]
[WhiteElo "2202"]
[BlackElo "2381"]
[PlyCount "79"]
[EventDate "2015.05.22"]
[EventType "swiss"]
[EventRounds "7"]
[EventCountry "NED"]
[Source "P.Boonen"]
[SourceDate "2015.10.01"]

1. d4 Nf6 2. c4 g6 3. Nf3 Bg7 4. Nc3 O-O 5. e4 d6 6. Be2 e5 7. O-O Nc6 8. d5
Ne7 9. Ne1 Nd7 10. Be3 f5 11. f3 f4 12. Bf2 g5 13. a4 Rf6 14. Nd3 Rh6 15. c5 a6
16. Qc2 Nf6 17. Rfc1 g4 18. cxd6 cxd6 19. fxg4 Nxg4 20. h3 Ne3 21. Bxe3 fxe3
22. Nd1 Ng6 23. Nxe3 Qb6 24. Qd2 Rh4 25. Nf2 Bh6 26. Rc3 Nf4 27. Bg4 Bxg4 28.
Nfxg4 Bg5 29. Kh2 Rf8 30. Nf2 Qd4 31. Qe1 Nxg2 32. Kxg2 Rhf4 33. Nf5 R8xf5 34.
exf5 Bh4 35. Rf3 Qxd5 36. Qe3 Kh8 37. Qd3 Qc6 38. Rd1 Bxf2 39. Kxf2 Qc5+ 40.
Qe3 1-0

[Event "BPB Limburg open"]
[Site "Maastricht"]
[Date "2015.05.23"]
[Round "2"]
[White "Schroer, Marcel"]
[Black "Jans, Michael"]
[Result "1-0"]
[WhiteElo "2186"]
[BlackElo "2085"]
[PlyCount "91"]
[EventDate "2015.05.22"]
[EventType "swiss"]
[EventRounds "7"]
[EventCountry "NED"]
[Source "P.Boonen"]
[SourceDate "2015.10.01"]

1. d4 d5 2. c4 c6 3. Nf3 Nf6 4. Nc3 dxc4 5. a4 Bf5 6. e3 Na6 7. Bxc4 Nb4 8. O-O
e6 9. a5 Be7 10. Qe2 Ne4 11. Ne1 O-O 12. f3 Nd6 13. Bb3 Bg6 14. e4 Nb5 15. Nxb5
cxb5 16. Be3 a6 17. Nd3 Nc6 18. d5 Nxa5 19. Ba2 exd5 20. Bxd5 Nc6 21. f4 h6 22.
Rad1 Kh8 23. Nc5 Qc7 24. Rc1 Bxc5 25. Bxc5 Rfe8 26. f5 Bh7 27. f6 Bg6 28. fxg7+
Kxg7 29. Qf2 Rf8 30. Qf6+ Kh7 31. Bxf8 Rxf8 32. Bxc6 bxc6 33. Rxc6 Qa7+ 34. Kh1
Qe3 35. e5 Rg8 36. Rc7 Rg7 37. Rc3 Qe2 38. Rg3 Qxb2 39. h4 h5 40. Kh2 Rg8 41.
Qg5 Rg7 42. Rf6 Qc2 43. Rxa6 b4 44. Rb6 Qe4 45. Qf6 Rg8 46. e6 1-0

[Event "BPB Limburg open"]
[Site "Maastricht"]
[Date "2015.05.23"]
[Round "2"]
[White "Serbu, Eli"]
[Black "Vogel, Jaap"]
[Result "1-0"]
[WhiteElo "2102"]
[BlackElo "2163"]
[PlyCount "70"]
[EventDate "2015.05.22"]
[EventType "swiss"]
[EventRounds "7"]
[EventCountry "NED"]
[Source "P.Boonen"]
[SourceDate "2015.10.01"]

1. e4 e6 2. d4 d5 3. Nd2 Be7 4. c3 Nf6 5. e5 Nfd7 6. Qg4 g6 7. Bd3 c5 8. Ne2
Nc6 9. h4 h5 10. Qf4 cxd4 11. cxd4 Nb6 12. Rh3 Bd7 13. Rf3 Rh7 14. Rg3 Qc7 15.
Rxg6 O-O-O 16. Rg3 Rhh8 17. a3 f6 18. Nf3 fxe5 19. dxe5 Rdf8 20. Qe3 Nc4 21.
Bxc4 dxc4 22. Bd2 Rxf3 23. gxf3 Nxe5 24. Qxa7 Nd3+ 25. Kf1 e5 26. Qa8+ Qb8 27.
Qxb8+ Kxb8 28. Bg5 Bc5 29. Be3 Be7 30. Kg2 Bxh4 31. Rg7 Bc6 32. Rh1 Bf6 33. Rf7
Bd8 34. Ng3 h4 35. Ne4 Nxb2 {.....} 1-0

[Event "BPB Limburg open"]
[Site "Maastricht"]
[Date "2015.05.23"]
[Round "2"]
[White "Stiefel, Roland"]
[Black "Van Veen, Oscar"]
[Result "1-0"]
[WhiteElo "2019"]
[BlackElo "2265"]
[PlyCount "83"]
[EventDate "2015.05.22"]
[EventType "swiss"]
[EventRounds "7"]
[EventCountry "NED"]
[Source "P.Boonen"]
[SourceDate "2015.10.01"]

1. d4 d5 2. Nf3 Nf6 3. e3 e6 4. Bd3 c5 5. b3 Nc6 6. O-O Bd6 7. Bb2 O-O 8. Nbd2
cxd4 9. exd4 b6 10. a3 Bb7 11. Ne5 Rc8 12. f4 Ne7 13. Qe2 Rc7 14. Rae1 Qc8 15.
c4 a5 16. g4 g6 17. h4 Ba8 18. Kh2 h5 19. gxh5 Nxh5 20. Qg4 Nf5 21. Rg1 Nfg7
22. Ref1 a4 23. c5 bxc5 24. dxc5 Rxc5 25. Bd4 axb3 26. Nxg6 fxg6 27. Qxg6 Rxf4
28. Qh7+ Kf8 29. Bxg7+ Nxg7 30. Qxg7+ Ke8 31. Kh3 Rc3 32. Qg6+ Kd7 33. Qh7+ Kc6
34. Rxf4 Bxf4 35. Nb1 e5+ 36. Kg2 Qg4+ 37. Kf2 Be3+ 38. Kxe3 Qd4+ 39. Ke2 Rxd3
40. Rc1+ Rc3 41. Rxc3+ Qxc3 42. Nxc3 1-0

[Event "BPB Limburg open"]
[Site "Maastricht"]
[Date "2015.05.23"]
[Round "2"]
[White "Tromp, Paul"]
[Black "Gutkind, Kedem"]
[Result "0-1"]
[WhiteElo "2087"]
[BlackElo "2005"]
[PlyCount "86"]
[EventDate "2015.05.22"]
[EventType "swiss"]
[EventRounds "7"]
[EventCountry "NED"]
[Source "P.Boonen"]
[SourceDate "2015.10.01"]

1. e4 e6 2. Nf3 d5 3. Nc3 Nf6 4. e5 Nfd7 5. d4 c5 6. dxc5 Bxc5 7. Bd3 Nc6 8.
Bf4 a6 9. O-O Be7 10. Re1 O-O 11. Qd2 f6 12. exf6 Nxf6 13. Ne5 Nxe5 14. Bxe5
Ng4 15. Bg3 Bd6 16. Nd1 Bxg3 17. hxg3 e5 18. c4 Be6 19. cxd5 Bxd5 20. Qe2 Qd7
21. f3 Nf6 22. Ne3 e4 23. Bc4 Bxc4 24. Qxc4+ Kh8 25. Rad1 Qb5 26. Qxb5 axb5 27.
a3 exf3 28. gxf3 Rad8 29. Nf5 Nd5 30. Re5 g6 31. Rexd5 Rxd5 32. Rxd5 Rxf5 33.
Rxf5 gxf5 34. Kf2 Kg7 35. Ke3 Kf6 36. Kd4 Ke6 37. Kc5 Ke5 38. b3 h5 39. f4+ Ke4
40. a4 bxa4 41. bxa4 Kf3 42. Kb6 Kxg3 43. Kxb7 h4 0-1

[Event "BPB Limburg open"]
[Site "Maastricht"]
[Date "2015.05.23"]
[Round "2"]
[White "Van Dooren, Dirk"]
[Black "Lenaerts, Lennert"]
[Result "1-0"]
[WhiteElo "2284"]
[BlackElo "2203"]
[PlyCount "91"]
[EventDate "2015.05.22"]
[EventType "swiss"]
[EventRounds "7"]
[EventCountry "NED"]
[Source "P.Boonen"]
[SourceDate "2015.10.01"]

1. e4 e5 2. f4 exf4 3. Nf3 g5 4. Nc3 Bg7 5. g3 d6 6. d4 g4 7. Nh4 f3 8. Be3 Ne7
9. Qd2 h5 10. O-O-O c6 11. Re1 Nd7 12. h3 Nb6 13. Nf5 Bxf5 14. exf5 Qd7 15. f6
Bxf6 16. Bg5 Qf5 17. Bxf6 Qxf6 18. Ne4 Qg6 19. hxg4 O-O-O 20. g5 Nf5 21. Bh3
Kb8 22. Rhf1 Nc4 23. Qc3 d5 24. Bxf5 Qxf5 25. Rxf3 Qg6 26. Rf6 Qg7 27. Rf5 Qg6
28. Ref1 Rhe8 29. Nc5 Nd6 30. Qb4 Re7 31. Re5 Rxe5 32. dxe5 Qxg5+ 33. Kb1 Qxe5
34. Rxf7 b6 35. Nd7+ Rxd7 36. Rxd7 c5 37. Qd2 Qe6 38. Rh7 Qf5 39. Rh8+ Kb7 40.
Qf4 Qe6 41. Rh7+ Kb8 42. a3 Ka8 43. Rxh5 Nc4 44. Rh7 Qe1+ 45. Ka2 Nd2 46. Qf8+
1-0

[Event "BPB Limburg open"]
[Site "Maastricht"]
[Date "2015.05.23"]
[Round "2"]
[White "Van Laatum, Maarten"]
[Black "Tate, Emory"]
[Result "0-1"]
[WhiteElo "2023"]
[BlackElo "2256"]
[PlyCount "74"]
[EventDate "2015.05.22"]
[EventType "swiss"]
[EventRounds "7"]
[EventCountry "NED"]
[Source "P.Boonen"]
[SourceDate "2015.10.01"]

1. e4 c6 2. d4 d5 3. Nc3 b5 4. a3 a6 5. Nf3 Bg4 6. Be2 Nf6 7. e5 Ng8 8. O-O e6
9. b4 a5 10. Rb1 axb4 11. axb4 Na6 12. Bd2 Qb6 13. Be1 Nh6 14. Nh4 Bf5 15. g4
Be7 16. f4 Bg6 17. Bf3 Nxb4 18. Nxg6 fxg6 19. Nxb5 Qxb5 20. c3 O-O 21. Be2 Qb6
22. cxb4 g5 23. Qd2 gxf4 24. Rxf4 Nf7 25. h4 g5 26. Rf6 Bxf6 27. exf6 e5 28.
Bf2 exd4 29. Bxd4 Qc7 30. Rb3 Qf4 31. Qxf4 gxf4 32. Rf3 Ra2 33. Bd3 Rd2 34. Bc3
Rd1+ 35. Kf2 d4 36. Bxd4 Rd8 37. Ke2 Rxd4 0-1

[Event "BPB Limburg open"]
[Site "Maastricht"]
[Date "2015.05.23"]
[Round "2"]
[White "Van Meegen, Ruud"]
[Black "Schleipfenbauer, Frank"]
[Result "1-0"]
[WhiteElo "2151"]
[BlackElo "2153"]
[PlyCount "89"]
[EventDate "2015.05.22"]
[EventType "swiss"]
[EventRounds "7"]
[EventCountry "NED"]
[Source "P.Boonen"]
[SourceDate "2015.10.01"]

1. e4 c5 2. Nf3 e6 3. d4 cxd4 4. Nxd4 a6 5. c4 Nf6 6. Nc3 Qc7 7. a3 Nc6 8. Be3
Ne5 9. f3 d6 10. Rc1 Be7 11. Be2 h5 12. O-O O-O 13. Kh1 Bd7 14. f4 Neg4 15. Bg1
g6 16. Qd2 Kg7 17. Nc2 Bc6 18. Bf3 Rad8 19. Qe2 b6 20. Ne3 Qb7 21. Nc2 e5 22.
Nb4 Rb8 23. Nxc6 Qxc6 24. Nd5 Bd8 25. g3 Qc8 26. h3 Nh6 27. Kg2 exf4 28. gxf4
Qe6 29. Bd4 Kh7 30. Kh2 Rb7 31. Qd3 Rb8 32. Rg1 Re8 33. Rce1 Nxd5 34. cxd5 Qc8
35. Rc1 Qb7 36. Bxh5 Qe7 37. Bf3 Qh4 38. Qd2 f5 39. e5 dxe5 40. Bxe5 Rb7 41.
Qe1 Qxe1 42. Rgxe1 Bh4 43. Red1 Nf7 44. d6 Ra7 45. Rc7 1-0

[Event "BPB Limburg open"]
[Site "Maastricht"]
[Date "2015.05.23"]
[Round "2"]
[White "Van den Berg, Bram"]
[Black "Van Foreest, Lucas"]
[Result "1/2-1/2"]
[WhiteElo "2199"]
[BlackElo "2312"]
[PlyCount "93"]
[EventDate "2015.05.22"]
[EventType "swiss"]
[EventRounds "7"]
[EventCountry "NED"]
[Source "P.Boonen"]
[SourceDate "2015.10.01"]

1. e4 e5 2. Nf3 Nc6 3. d4 exd4 4. c3 d5 5. exd5 Qxd5 6. cxd4 Bg4 7. Be2 Bb4+ 8.
Nc3 Nf6 9. O-O Qa5 10. Nd2 Bxe2 11. Qxe2+ Ne7 12. Nde4 Nxe4 13. Nxe4 O-O 14. a3
Nd5 15. Qh5 Be7 16. Bd2 Qb5 17. a4 Qb3 18. Rfe1 Rfe8 19. Bc3 c6 20. Qf3 Qb6 21.
Ng3 Bf8 22. Nf5 Qb3 23. a5 g6 24. Ng3 Rxe1+ 25. Rxe1 Bb4 26. Ne4 Re8 27. Rf1
Qc2 28. Ng5 f6 29. Bxb4 fxg5 30. Bd6 Qxb2 31. Be5 Qc2 32. h3 Qf5 33. Qb3 Re7
34. a6 b5 35. Qa3 Rf7 36. Qd6 Qd7 37. Qb8+ Rf8 38. Qb7 Rf7 39. Qb8+ Rf8 40. Qb7
Nb6 41. Rc1 Rc8 42. Rc5 Kf8 43. d5 Qe7 44. Qxe7+ Kxe7 45. dxc6 b4 46. Bd4 Kd6
47. Rb5 {.....} 1/2-1/2

[Event "BPB Limburg open"]
[Site "Maastricht"]
[Date "2015.05.23"]
[Round "2"]
[White "Vanhuyse, Nele"]
[Black "Ritsema, Ronald"]
[Result "1-0"]
[WhiteElo "2035"]
[BlackElo "2012"]
[PlyCount "127"]
[EventDate "2015.05.22"]
[EventType "swiss"]
[EventRounds "7"]
[EventCountry "NED"]
[Source "P.Boonen"]
[SourceDate "2015.10.01"]

1. e4 e6 2. d4 d5 3. Nc3 Bb4 4. e5 c5 5. a3 Bxc3+ 6. bxc3 Qa5 7. Bd2 Qa4 8. Qb1
c4 9. g3 Nc6 10. h4 Nge7 11. Bh3 Bd7 12. Ne2 O-O-O 13. O-O Kb8 14. h5 h6 15.
Nf4 Bc8 16. Qb2 Ka8 17. Kh2 Rdf8 18. Rfb1 b6 19. Ra2 Rd8 20. Qb5 Qxb5 21. Rxb5
Bd7 22. Rb1 Na5 23. Re1 Ba4 24. Ng2 Nac6 25. Nh4 Rde8 26. f4 Nd8 27. g4 Kb8 28.
Re2 Kb7 29. f5 Ka6 30. Bf4 Ka5 31. Ra1 Bd7 32. Rg1 Ka4 33. Rf2 Rh7 34. Bc1 Ka5
35. Rgf1 Ba4 36. Kg3 Ka6 37. Nf3 Bd7 38. Nh4 Ba4 39. Rg1 Ka5 40. Rgg2 Ka6 41.
Rf3 Ka5 42. Rgf2 Ka6 43. fxe6 fxe6 44. Rf8 Rh8 45. Rxe8 Bxe8 46. Ng2 Ka5 47.
Nf4 Bd7 48. Kh4 Be8 49. Ne2 Ka4 50. Kg3 Kb5 51. g5 Bxh5 52. Nf4 Bf7 53. gxh6
gxh6 54. Ng2 Bg6 55. Ne3 Rg8 56. Kh2 h5 57. Rf6 Bf7 58. Ng2 Kc6 59. Nf4 Kd7 60.
Rh6 Rg7 61. Be3 a5 62. Bf2 Bg6 63. Rh8 Bxc2 64. Rxd8+ 1-0

[Event "BPB Limburg open"]
[Site "Maastricht"]
[Date "2015.05.23"]
[Round "2"]
[White "Vereggen, Lars"]
[Black "Kokje, Joris"]
[Result "1-0"]
[WhiteElo "2299"]
[BlackElo "1960"]
[PlyCount "95"]
[EventDate "2015.05.22"]
[EventType "swiss"]
[EventRounds "7"]
[EventCountry "NED"]
[Source "P.Boonen"]
[SourceDate "2015.10.01"]

1. e4 c5 2. Nf3 Nc6 3. d4 cxd4 4. Nxd4 Nf6 5. Nc3 e6 6. Ndb5 a6 7. Nd6+ Bxd6 8.
Qxd6 Qe7 9. Bf4 O-O 10. Qxe7 Nxe7 11. Bd6 Re8 12. e5 Nfd5 13. Nxd5 Nxd5 14. c4
Ne7 15. c5 Nd5 16. Bc4 b5 17. Bxd5 exd5 18. O-O-O Bb7 19. f4 f6 20. Rhf1 Kf7
21. g4 h5 22. gxh5 Rh8 23. h6 Rxh6 24. exf6 Rxf6 25. Be5 Rf5 26. Rg1 g6 27.
Rde1 Re8 28. Re3 Rh5 29. Reg3 Re6 30. Rg5 Rxg5 31. Rxg5 Rc6 32. b4 Rc8 33. Rg3
Rg8 34. Kd2 Bc6 35. Rh3 Ke6 36. Ke3 g5 37. Rh6+ Kf5 38. Rf6+ Kg4 39. f5 Rh8 40.
Kd4 Kf3 41. Bg3 Re8 42. Be5 Rh8 43. Rg6 Rh4+ 44. Kd3 d4 45. Rxg5 Be4+ 46. Kd2
Bd5 47. f6 Ke4 48. Bg3 1-0

[Event "BPB Limburg open"]
[Site "Maastricht"]
[Date "2015.05.23"]
[Round "2"]
[White "Verhoef, Pieter"]
[Black "Ratsma, Midas"]
[Result "1/2-1/2"]
[WhiteElo "2027"]
[BlackElo "2182"]
[PlyCount "67"]
[EventDate "2015.05.22"]
[EventType "swiss"]
[EventRounds "7"]
[EventCountry "NED"]
[Source "P.Boonen"]
[SourceDate "2015.10.01"]

1. e4 e6 2. d4 d5 3. Nc3 Bb4 4. e5 c5 5. Bd2 Ne7 6. Nb5 Bxd2+ 7. Qxd2 O-O 8. f4
a6 9. Nd6 cxd4 10. Nf3 Nbc6 11. Bd3 f6 12. O-O Qc7 13. Qe1 Bd7 14. a3 Be8 15.
Nxe8 Raxe8 16. Qh4 Nf5 17. Bxf5 exf5 18. exf6 Rxf6 19. Rae1 Re3 20. c3 Qe7 21.
cxd4 h6 22. Qf2 Re4 23. Nd2 Rxe1 24. Rxe1 Re6 25. Rxe6 Qxe6 26. h3 Kh7 27. Kh1
Na5 28. Nf3 Nc4 29. Ne5 Nd6 30. Qc2 Nb5 31. Qd3 g6 32. a4 Nd6 33. Qc2 Qc8 34.
Qxc8 1/2-1/2

[Event "BPB Limburg open"]
[Site "Maastricht"]
[Date "2015.05.23"]
[Round "2"]
[White "Volkov, Mykyta"]
[Black "Harff, Wilfried"]
[Result "1/2-1/2"]
[WhiteElo "2126"]
[BlackElo "2163"]
[PlyCount "114"]
[EventDate "2015.05.22"]
[EventType "swiss"]
[EventRounds "7"]
[EventCountry "NED"]
[Source "P.Boonen"]
[SourceDate "2015.10.01"]

1. d4 Nf6 2. c4 g6 3. Nc3 d5 4. cxd5 Nxd5 5. Bd2 Bg7 6. e4 Nxc3 7. Bxc3 O-O 8.
Be2 c5 9. d5 Bxc3+ 10. bxc3 Qa5 11. Qd2 Nd7 12. Nf3 Nf6 13. c4 Qxd2+ 14. Nxd2
e5 15. O-O b6 16. Bd3 Bd7 17. f4 exf4 18. Rxf4 Ng4 19. Nf3 Rae8 20. h3 Ne5 21.
Nxe5 Rxe5 22. Rf6 Rb8 23. a4 Kg7 24. Rd6 Be8 25. a5 bxa5 26. Rxa5 Rb3 27. Be2
Rxe4 28. Bf3 Rxc4 29. Rxa7 Rc1+ 30. Kh2 Rb8 31. Rc7 c4 32. Ra6 h5 33. h4 Rd8
34. Ra5 Bd7 35. Raa7 Be8 36. Ra5 Kf6 37. Rac5 Ke5 38. Rxc4 Rxc4 39. Rxc4 f5 40.
Rc1 Bf7 41. Re1+ Kd6 42. Kg3 Rb8 43. Kf4 Rb4+ 44. Kg5 Rd4 45. Ra1 Bxd5 46. Ra6+
Ke7 47. Bxd5 Rxd5 48. Rxg6 Kf7 49. Rf6+ Kg7 50. Rxf5 Rd2 51. g3 Rd3 52. Kf4 Kg6
53. Rg5+ Kh6 54. Re5 Kg6 55. Re6+ Kg7 56. Re3 Rd4+ 57. Re4 Rd3 1/2-1/2

[Event "BPB Limburg open"]
[Site "Maastricht"]
[Date "2015.05.23"]
[Round "2"]
[White "Vreugdenhil, Frans"]
[Black "Gramb, Marius"]
[Result "0-1"]
[WhiteElo "2009"]
[BlackElo "2045"]
[PlyCount "118"]
[EventDate "2015.05.22"]
[EventType "swiss"]
[EventRounds "7"]
[EventCountry "NED"]
[Source "P.Boonen"]
[SourceDate "2015.10.01"]

1. e4 c6 2. d4 d5 3. exd5 cxd5 4. c4 Nf6 5. Nc3 Nc6 6. Nf3 Bg4 7. cxd5 Nxd5 8.
Qb3 Bxf3 9. gxf3 e6 10. Qxb7 Nxd4 11. Bb5+ Nxb5 12. Qc6+ Ke7 13. Qxb5 Qd7 14.
Nxd5+ Qxd5 15. Qxd5 exd5 16. Bd2 Ke6 17. O-O Bc5 18. Rac1 Rac8 19. Rfd1 d4 20.
Kf1 Bd6 21. h3 Kf5 22. Rxc8 Rxc8 23. Rc1 Rxc1+ 24. Bxc1 Bf4 25. Bxf4 Kxf4 26.
Ke2 f5 27. b4 d3+ 28. Kxd3 Kxf3 29. b5 Kxf2 30. a4 f4 31. a5 f3 32. b6 axb6 33.
axb6 Kg2 34. b7 f2 35. b8=Q f1=Q+ 36. Kc2 Qf2+ 37. Kb1 Qf5+ 38. Ka2 Kxh3 39.
Qb7 Qf2+ 40. Ka3 Qg2 41. Qd7+ Qg4 42. Qb7 h5 43. Qh1+ Kg3 44. Qe1+ Kg2 45. Qd2+
Kh3 46. Qd5 g5 47. Qh1+ Kg3 48. Qe1+ Kg2 49. Qd2+ Kh3 50. Qc1 Qg3+ 51. Ka2 g4
52. Ka1 h4 53. Qh1+ Qh2 54. Qf1+ Qg2 55. Qd3+ g3 56. Qc4 Qf3 57. Qc8+ Kh2 58.
Qd8 h3 59. Qd6 Kh1 0-1